000 01059nam a2200301 a 4500
001
003 OSt
005 20210518110328.0
008 091204s2019 dr 000 f spa d
020 _a9789945503654
040 _aBPMSU
_bspa
_cBPMSU
082 _aRD863.44
_bB742o 2019
_222
100 _aBosch, Juan,
_d1909-2001
_91
245 1 3 _aEl oro y la paz /
_cJuan Bosch ; prólogo Carlos Esteban Deive; editor María del Carmen Vicente, Clara Dobarro
260 _aSanto Domingo :
_bMinisterio de Cultura;
_bEditora Nacional,
_c2019
300 _a224 p. ;
_c20 cm.
490 0 _a Biblioteca Dominicana Básica ;
_anarrativa
_v22
500 _3Incluye datos biográficos del autor en la solapa de la cubierta
590 _aInventariado, 2020/VM
650 4 _aNovela dominicana
650 4 _aLiteratura dominicana
700 1 _aDeive, Carlos Esteban
_epról.
700 1 _aVicente, María del Carmen
_eed.
700 1 _a Dobarro,Clara
_eed.
710 2 _aMinisterio de Cultura (República Dominicana)
910 _aVMateo
942 _2ddc
_cBK
999 _c13509
_d13509